<?xml version="1.0" encoding="UTF-8"?>
<record
    xmlns:xsi="http://www.w3.org/2001/XMLSchema-instance"
    xsi:schemaLocation="http://www.loc.gov/MARC21/slim http://www.loc.gov/standards/marcxml/schema/MARC21slim.xsd"
    xmlns="http://www.loc.gov/MARC21/slim">

  <leader>00901nam a22002297a 4500</leader>
  <controlfield tag="005">20180212122208.0</controlfield>
  <datafield tag="010" ind1=" " ind2=" ">
    <subfield code="a">1718EN-30</subfield>
  </datafield>
  <datafield tag="020" ind1=" " ind2=" ">
    <subfield code="a">9789332575295</subfield>
    <subfield code="c">849.00</subfield>
  </datafield>
  <datafield tag="035" ind1=" " ind2=" ">
    <subfield code="a">B-684195-199</subfield>
  </datafield>
  <datafield tag="037" ind1=" " ind2=" ">
    <subfield code="b">BSB</subfield>
    <subfield code="a">dpl</subfield>
  </datafield>
  <datafield tag="082" ind1=" " ind2=" ">
    <subfield code="a">658.404</subfield>
  </datafield>
  <datafield tag="100" ind1=" " ind2=" ">
    <subfield code="a">Shtub, Avraham    </subfield>
  </datafield>
  <datafield tag="245" ind1=" " ind2=" ">
    <subfield code="a">Project management:</subfield>
    <subfield code="c">by Avraham Shtub, Jonathan F Bard [and] Shlomo Globerson </subfield>
    <subfield code="b">processes, methodologies and economics / </subfield>
  </datafield>
  <datafield tag="250" ind1=" " ind2=" ">
    <subfield code="a">2nd ed</subfield>
  </datafield>
  <datafield tag="260" ind1=" " ind2=" ">
    <subfield code="c">2017</subfield>
    <subfield code="a">Noida </subfield>
    <subfield code="b">Pearson India</subfield>
  </datafield>
  <datafield tag="270" ind1=" " ind2=" ">
    <subfield code="a">15th Floor,, Tower-B, World Trade, Plot No.1, Block-C, Sector-16,</subfield>
    <subfield code="b">Noida </subfield>
    <subfield code="e">201301</subfield>
  </datafield>
  <datafield tag="300" ind1=" " ind2=" ">
    <subfield code="c">23cm(pbk)</subfield>
    <subfield code="a">597p.</subfield>
    <subfield code="b">ill.</subfield>
  </datafield>
  <datafield tag="700" ind1=" " ind2=" ">
    <subfield code="a">Bard, Jonathan F </subfield>
  </datafield>
  <datafield tag="700" ind1=" " ind2=" ">
    <subfield code="a">Globerson, Shlomo </subfield>
  </datafield>
  <datafield tag="942" ind1=" " ind2=" ">
    <subfield code="c">EN</subfield>
    <subfield code="2">ddc</subfield>
    <subfield code="m">SHT</subfield>
    <subfield code="h">658.404</subfield>
  </datafield>
  <datafield tag="999" ind1=" " ind2=" ">
    <subfield code="c">145515</subfield>
    <subfield code="d">145515</subfield>
  </datafield>
  <datafield tag="952" ind1=" " ind2=" ">
    <subfield code="0">0</subfield>
    <subfield code="1">0</subfield>
    <subfield code="4">0</subfield>
    <subfield code="7">0</subfield>
    <subfield code="8">NFIC</subfield>
    <subfield code="a">L</subfield>
    <subfield code="b">L</subfield>
    <subfield code="d">2018-02-12</subfield>
    <subfield code="e">BSB/299/1.12.2017/BPPB/EN/2017-18/641/20.11.17/14.12.2017</subfield>
    <subfield code="g">849.00</subfield>
    <subfield code="l">2</subfield>
    <subfield code="m">1</subfield>
    <subfield code="o">658.404 SHT</subfield>
    <subfield code="p">B-684195</subfield>
    <subfield code="r">2022-01-14 00:00:00</subfield>
    <subfield code="s">2021-12-22</subfield>
    <subfield code="t">1</subfield>
    <subfield code="v">849.00</subfield>
    <subfield code="y">EN</subfield>
  </datafield>
  <datafield tag="952" ind1=" " ind2=" ">
    <subfield code="0">0</subfield>
    <subfield code="1">0</subfield>
    <subfield code="4">0</subfield>
    <subfield code="7">0</subfield>
    <subfield code="8">NFIC</subfield>
    <subfield code="a">AV</subfield>
    <subfield code="b">AV</subfield>
    <subfield code="d">2018-02-12</subfield>
    <subfield code="e">BSB/299/1.12.2017/BPPB/EN/2017-18/641/20.11.17/14.12.2017</subfield>
    <subfield code="g">849.00</subfield>
    <subfield code="l">1</subfield>
    <subfield code="o">658.404 SHT</subfield>
    <subfield code="p">B-684196</subfield>
    <subfield code="r">2019-02-04 00:00:00</subfield>
    <subfield code="s">2019-01-19</subfield>
    <subfield code="t">1</subfield>
    <subfield code="v">849.00</subfield>
    <subfield code="y">EN</subfield>
  </datafield>
  <datafield tag="952" ind1=" " ind2=" ">
    <subfield code="0">0</subfield>
    <subfield code="1">0</subfield>
    <subfield code="4">0</subfield>
    <subfield code="7">0</subfield>
    <subfield code="8">NFIC</subfield>
    <subfield code="a">BL1</subfield>
    <subfield code="b">BL1</subfield>
    <subfield code="d">2018-02-12</subfield>
    <subfield code="e">BSB/299/1.12.2017/BPPB/EN/2017-18/641/20.11.17/14.12.2017</subfield>
    <subfield code="g">849.00</subfield>
    <subfield code="l">0</subfield>
    <subfield code="o">658.404 SHT</subfield>
    <subfield code="p">B-684197</subfield>
    <subfield code="r">2018-02-12 00:00:00</subfield>
    <subfield code="t">1</subfield>
    <subfield code="v">849.00</subfield>
    <subfield code="y">EN</subfield>
  </datafield>
  <datafield tag="952" ind1=" " ind2=" ">
    <subfield code="0">0</subfield>
    <subfield code="1">0</subfield>
    <subfield code="4">0</subfield>
    <subfield code="7">0</subfield>
    <subfield code="8">NFIC</subfield>
    <subfield code="a">JP</subfield>
    <subfield code="b">JP</subfield>
    <subfield code="d">2018-02-12</subfield>
    <subfield code="e">BSB/299/1.12.2017/BPPB/EN/2017-18/641/20.11.17/14.12.2017</subfield>
    <subfield code="g">849.00</subfield>
    <subfield code="l">1</subfield>
    <subfield code="o">658.404 SHT</subfield>
    <subfield code="p">B-684198</subfield>
    <subfield code="r">2020-03-14 00:00:00</subfield>
    <subfield code="s">2020-02-29</subfield>
    <subfield code="t">1</subfield>
    <subfield code="v">849.00</subfield>
    <subfield code="y">EN</subfield>
  </datafield>
  <datafield tag="952" ind1=" " ind2=" ">
    <subfield code="0">0</subfield>
    <subfield code="1">0</subfield>
    <subfield code="4">0</subfield>
    <subfield code="7">0</subfield>
    <subfield code="8">NFIC</subfield>
    <subfield code="a">BN</subfield>
    <subfield code="b">BN</subfield>
    <subfield code="d">2018-02-12</subfield>
    <subfield code="e">BSB/299/1.12.2017/BPPB/EN/2017-18/641/20.11.17/14.12.2017</subfield>
    <subfield code="g">849.00</subfield>
    <subfield code="l">0</subfield>
    <subfield code="o">658.404 SHT</subfield>
    <subfield code="p">B-684199</subfield>
    <subfield code="r">2018-02-12 00:00:00</subfield>
    <subfield code="t">1</subfield>
    <subfield code="v">849.00</subfield>
    <subfield code="y">EN</subfield>
  </datafield>
</record>
